00624nam a2200169 a 4500008004100000050001400041100002500055245003600080260003700116300001600153350000900169650001400178650002000192995009500212999001700307952013000324120416s1966 ||||||||||||||||| || u aHD 82 Kuz aKuznets, Simon Smith10aSix lectures on economic growth aNew YorkbThe Free Pressc(1966) a122p. : ill a0.00 0aECONOMICS aECONOMIC GROWTH D0.00FCBU-MAIN LIBRARY (Kitwe)H1I0.00M1UAVAILABLEZMain Library Open Access Collection c57518d57518 00102lcc4070a001b001cMain Library Open Access Collectiond2022-11-30l0oHD 82 Kuzp003925r2022-11-30w2022-11-30y002